North American Cities-Sudden Death - Statistics

General Stats
  • This quiz has been taken 68 times
  • The average score is 8 of 16
Answers on the Grid
Answers color-coded by a green-red scale on the quiz's grid according to % correct below.
Mexico City
Jersey
Buenos Aires
Georgetown
Caracas
Bogota
Austin
Guatemala City
Sao Paulo
Port-au Prince
Quito
Rio De Janeiro
New York City
Bermuda
Boston
Santiago
Vancouver
Lima
Sucre
Port of Spain
Osaka
Kingston
Tehran
Havana
Orleans
Statue of Liberty
San jose
Copenhagen
Los Angeles
Virgin Islands
Milwaukee
Cologne
New Amsterdam
Yukon
Alberta
Santo Domingo
Belize City
Nicaragua City
Toronto
Rhode Island
 
Answer Stats
Answer % Correct
Mexico City
95%
New York City
63%
Austin
60%
Boston
55%
Los Angeles
55%
Vancouver
55%
Milwaukee
50%
Guatemala City
45%
Port-au Prince
45%
San jose
43%
Belize City
38%
Havana
38%
Kingston
38%
Toronto
38%
Port of Spain
30%
Santo Domingo
30%
No matching quizzes found
Score Distribution
Percent of People with Each Score
Percentile by Number Answered
Your Score History
You have not taken this quiz